00244nam a2200097Ia 4500001000800000005001700008008004100025020001800066245004300084260001900127126869620260417145255.0260417s9999 xx 000 0 und d a9786255929570 0aDostluk HamlesicBüşra Şen Altun bKetebe Çocuk